000 00555nam a2200193Ia 4500
005 20250508162117.0
008 008 250505s9999 xx 000 0 eng d
037 _aTextBook
040 _aFEDL
_beng
_cFEDL
041 _aeng
_2eng
084 _a370.15, CHO
_qFEDL
100 _aChoudhari Ramkhelavan
_9772330
245 0 _aShiksha manovigyan preshnotri
260 _aLucknow, India
_bHindi Sahitya Bhandar
_c1957
300 _a271p.
650 _aEdcuation-Psychology
_9756182
942 _cTB
_h370.15, CHO
999 _c1374442
_d1374442